00719nam a2200241Ia 45000010006000000050017000060070003000230080041000260200018000670400025000850410008001100820021001181000019001392450057001582500013002152600043002283000010002716530019002816530015003009420012003159520133003279990017004603972420240114002105.0ta070907s1990 a g b000 u 465 u a0-333-34479-0 aCotton College,Assam a465 a824.08bSa 18 Go aSage, Victor . 0aThe Gothick Novel /cVictor Sage.hTextual Documents a1st ed / aLondon :bMacmillan Press Ltd ,c1990. bill ; aEnglish essays aPG-English 2ddccBK 001040708Circulation (PG)aSKBLbSKBLd2012-02-01f00000l0o824.08 Sa 18 Gop630/Engr2024-01-14 00:00:00t1w2012-02-01yBK c39696d39696